000
00265nam a22001217a 4500
003
SGT
082
_a
658.4,KEL
100
_a
KELLER,GERALD
245
_a
STATISTICS FOR MANAGEMENT
250
_a
1ST
260
_a
NEW DELHI
_b
CENGAGE LEARNING
_c
2009
942
_2
ddc
_c
CD
999
_c
10811
_d
10811